[Event "Rennes FRA, 4th Open"]
[Site "Rennes FRA"]
[Date "2011.07.21"]
[Round "8.1"]
[White "Navrotescu , Catalin"]
[Black "Inkiov, Ventzislav"]
[Result "0-1"]
[WhiteElo "2422"]
[BlackElo "2476"]
[PlyCount "100"]
[EventDate "2011.07.16"]
[EventType "swiss"]
[EventRounds "9"]
[EventCountry "FRA"]

1. d4 Nf6 2. c4 e6 3. Nc3 Bb4 4. e3 b6 5. a3 Bxc3+ 6. bxc3 Bb7 7. f3 Nh5 8. Nh3
O-O 9. Bd3 Qh4+ 10. Nf2 f5 11. O-O c5 12. e4 Nc6 13. Nh3 f4 14. e5 cxd4 15.
cxd4 Nxd4 16. Bxh7+ Kxh7 17. Qxd4 Bc6 18. a4 Kg8 19. Ba3 Rf5 20. Bd6 Kf7 21. a5
bxa5 22. Rxa5 Bxf3 23. Qf2 Qxf2+ 24. Rxf2 Bg4 25. Rfa2 Bxh3 26. gxh3 f3 27.
R5a3 a5 28. Kf2 Nf4 29. Rxf3 a4 30. Rfa3 Rh8 31. Rxa4 Nd5+ 32. Kg1 Ne3 33. Rf2
Rhh5 34. h4 Rxh4 35. Rxf5+ exf5 36. Ra7 Ke6 37. c5 Rf4 38. h3 Rf1+ 39. Kh2 g5
40. Ra8 f4 41. Rf8 Rf2+ 42. Kg1 Rg2+ 43. Kh1 Rc2 44. Rf6+ Kd5 45. e6 dxe6 46.
Rg6 f3 47. Rxg5+ Ke4 48. Bg3 f2 49. Re5+ Kf3 50. Bxf2 Kxf2 0-1

[Event "Rennes FRA, 4th Open"]
[Site "Rennes FRA"]
[Date "2011.07.22"]
[Round "9.4"]
[White "Serralta, Michel"]
[Black "Navrotescu , Catalin"]
[Result "0-1"]
[WhiteElo "2122"]
[BlackElo "2422"]
[PlyCount "88"]
[EventDate "2011.07.16"]
[EventType "swiss"]
[EventRounds "9"]
[EventCountry "FRA"]

1. f4 g6 2. Nf3 Bg7 3. d3 c5 4. g3 Nc6 5. Bg2 e6 6. O-O Nge7 7. e4 O-O 8. Nc3
d6 9. Bd2 b5 10. Nxb5 Rb8 11. Nc3 Rxb2 12. Na4 Rb8 13. Rb1 Bd7 14. Rxb8 Qxb8
15. c3 Qb5 16. c4 Qa6 17. Nc3 Rb8 18. Kh1 Qa3 19. e5 dxe5 20. fxe5 Nxe5 21. Bg5
Qxc3 22. Bxe7 Nxd3 23. Ng5 f5 24. Rf3 Qe1+ 25. Qxe1 Nxe1 26. Rb3 Rxb3 27. axb3
Nxg2 28. Kxg2 Bd4 29. Kf1 e5 30. Nf3 Kf7 31. Bd6 Ke6 32. Bf8 h5 33. b4 cxb4 34.
Bxb4 Bb2 35. Ke2 Bc6 36. Nd2 g5 37. Nb3 f4 38. Nc5+ Kf5 39. Nd3 Bd4 40. Bd6 e4
41. Nb4 f3+ 42. Kf1 e3 43. Nc2 Ke4 44. Bb4 Kd3 0-1

[Event "Fourmies FRA, 35th Open"]
[Site "Fourmies FRA"]
[Date "2011.06.11"]
[Round "1.11"]
[White "De Noose, Daniel"]
[Black "Navrotescu , Catalin"]
[Result "0-1"]
[WhiteElo "1862"]
[BlackElo "2427"]
[PlyCount "68"]
[EventDate "2011.06.11"]
[EventType "swiss"]
[EventRounds "7"]
[EventCountry "FRA"]

1. Nf3 d6 2. e4 c5 3. c3 Nf6 4. Be2 g6 5. d3 Bg7 6. Bg5 Nc6 7. Nbd2 O-O 8. O-O
h6 9. Bh4 Nh5 10. Ne1 Nf4 11. Nc4 b5 12. Ne3 b4 13. Nd5 Nxe2+ 14. Qxe2 g5 15.
Bg3 e6 16. Ne3 bxc3 17. bxc3 Bxc3 18. Rb1 Bg7 19. f4 f5 20. exf5 exf5 21. Qf3
Bd7 22. Qd5+ Kh8 23. fxg5 Nd4 24. Bxd6 Be6 25. Qxc5 Qxg5 26. Nc4 Rfc8 27. Bc7
Bxc4 28. Qxc4 Qe7 29. Rb7 Ne6 30. Rxf5 Nxc7 31. Nf3 Qe3+ 32. Kf1 Ne6 33. Qh4
Rc1+ 34. Ne1 Qxd3+ 0-1

[Event "Fourmies FRA, 35th Open"]
[Site "Fourmies FRA"]
[Date "2011.06.11"]
[Round "2.11"]
[White "Navrotescu , Catalin"]
[Black "Haverkamp, Klaus Dr"]
[Result "1-0"]
[WhiteElo "2427"]
[BlackElo "2003"]
[PlyCount "61"]
[EventDate "2011.06.11"]
[EventType "swiss"]
[EventRounds "7"]
[EventCountry "FRA"]

1. e4 e5 2. Bc4 d6 3. Nc3 Be6 4. Bb3 Nf6 5. Nf3 Nbd7 6. d4 Bxb3 7. axb3 c6 8.
O-O Be7 9. Nh4 g6 10. Bh6 Ng4 11. Qxg4 Bxh4 12. dxe5 Nxe5 13. Qh3 g5 14. Qf5 g4
15. Bg7 Rg8 16. Qxh7 Rxg7 17. Qxg7 Kd7 18. f4 gxf3 19. gxf3 Qe7 20. f4 Ng6 21.
e5 dxe5 22. fxe5 Nxe5 23. Rf5 f6 24. Rd1+ Ke6 25. Rxe5+ fxe5 26. Qg4+ Kf7 27.
Rf1+ Bf6 28. Ne4 Rg8 29. Rxf6+ Qxf6 30. Nxf6 Rxg4+ 31. Nxg4 1-0

[Event "Fourmies FRA, 35th Open"]
[Site "Fourmies FRA"]
[Date "2011.06.12"]
[Round "3.9"]
[White "Coloos, Alexandre"]
[Black "Navrotescu , Catalin"]
[Result "0-1"]
[WhiteElo "1389"]
[BlackElo "2427"]
[PlyCount "38"]
[EventDate "2011.06.11"]
[EventType "swiss"]
[EventRounds "7"]
[EventCountry "FRA"]

1. d4 Nf6 2. c4 c5 3. d5 e6 4. Nc3 exd5 5. cxd5 d6 6. e4 g6 7. f4 Bg7 8. Nf3
O-O 9. Be2 Bg4 10. O-O Re8 11. Qc2 Nbd7 12. Bd2 c4 13. Bxc4 Rc8 14. Bd3 b5 15.
b4 Nb6 16. Rae1 Nc4 17. Qd1 Bxf3 18. Rxf3 Ng4 19. Nxb5 Qb6+ 0-1

[Event "Fourmies FRA, 35th Open"]
[Site "Fourmies FRA"]
[Date "2011.06.12"]
[Round "4.5"]
[White "Navrotescu , Catalin"]
[Black "Abergel Thal (FRA)"]
[Result "1-0"]
[WhiteElo "2427"]
[BlackElo "2506"]
[PlyCount "51"]
[EventDate "2011.06.11"]
[EventType "swiss"]
[EventRounds "7"]
[EventCountry "FRA"]

1. d4 Nf6 2. c4 e6 3. Nc3 Bb4 4. e3 Bxc3+ 5. bxc3 c5 6. Bd3 Nc6 7. Ne2 d6 8.
O-O O-O 9. e4 e5 10. Bg5 cxd4 11. cxd4 exd4 12. f4 Bg4 13. h3 Bxe2 14. Qxe2 Qe7
15. c5 dxc5 16. e5 c4 17. Bxh7+ Kxh7 18. Bxf6 gxf6 19. Qh5+ Kg7 20. Qg4+ Kh6
21. Qh4+ Kg6 22. Rf3 Kf5 23. Re1 Rg8 24. Qh5+ Ke6 25. exf6+ Kxf6 26. Qh4+ 1-0

[Event "Fourmies FRA, 35th Open"]
[Site "Fourmies FRA"]
[Date "2011.06.12"]
[Round "5.2"]
[White "Edouard, Romain"]
[Black "Navrotescu , Catalin"]
[Result "1-0"]
[WhiteElo "2602"]
[BlackElo "2427"]
[PlyCount "67"]
[EventDate "2011.06.11"]
[EventType "swiss"]
[EventRounds "7"]
[EventCountry "FRA"]

1. e4 e6 2. d4 d5 3. Nc3 Bb4 4. e5 c5 5. a3 Bxc3+ 6. bxc3 Qa5 7. Bd2 Qa4 8. Qb1
c4 9. g3 Nc6 10. Bg2 Bd7 11. Nh3 O-O-O 12. O-O f6 13. exf6 Nxf6 14. Ng5 Rhf8
15. Re1 Rde8 16. Bh3 Nd8 17. Re2 e5 18. dxe5 Bxh3 19. Nxh3 Qd7 20. Nf4 Ne4 21.
Qb4 Nxd2 22. Rxd2 Rxf4 23. gxf4 Qg4+ 24. Kf1 Nc6 25. Qc5 Qh3+ 26. Ke1 g5 27.
Rad1 gxf4 28. Rxd5 Qxc3+ 29. Kf1 Qh3+ 30. Ke2 Qxh2 31. Kd2 f3 32. Kc3 Qf4 33.
Qd6 Rxe5 34. Rc5 1-0

[Event "Fourmies FRA, 35th Open"]
[Site "Fourmies FRA"]
[Date "2011.06.13"]
[Round "6.8"]
[White "Navrotescu , Catalin"]
[Black "Cappon, John"]
[Result "1/2-1/2"]
[WhiteElo "2427"]
[BlackElo "2251"]
[PlyCount "54"]
[EventDate "2011.06.11"]
[EventType "swiss"]
[EventRounds "7"]
[EventCountry "FRA"]

1. d4 Nf6 2. c4 e6 3. Nc3 Bb4 4. e3 b6 5. a3 Bxc3+ 6. bxc3 Bb7 7. f3 Nh5 8. Nh3
f5 9. Bd3 O-O 10. O-O d6 11. e4 f4 12. c5 dxc5 13. Bc4 Qe7 14. Qb3 Bc8 15. a4
Nc6 16. a5 Rb8 17. a6 Bd7 18. Ba3 Kh8 19. Qa2 e5 20. dxc5 b5 21. Bd5 b4 22.
cxb4 Nxb4 23. Qd2 Nc6 24. Nf2 Rfd8 25. Nd3 Nf6 26. Bb2 Be8 27. Bxc6 Bxc6
1/2-1/2

[Event "Fourmies FRA, 35th Open"]
[Site "Fourmies FRA"]
[Date "2011.06.13"]
[Round "7.8"]
[White "Ribeiro, Romain"]
[Black "Navrotescu , Catalin"]
[Result "0-1"]
[WhiteElo "2183"]
[BlackElo "2427"]
[PlyCount "51"]
[EventDate "2011.06.11"]
[EventType "swiss"]
[EventRounds "7"]
[EventCountry "FRA"]

1. e4 e6 2. c4 d5 3. cxd5 exd5 4. exd5 Nf6 5. Nc3 Nxd5 6. Qa4+ c6 7. Qe4+ Be7
8. Bc4 Be6 9. Nf3 Nd7 10. Bxd5 cxd5 11. Qc2 O-O 12. d4 Rc8 13. Bf4 b5 14. a3
Nb6 15. Qe2 a6 16. O-O Re8 17. Nd1 Bg4 18. Ne3 Bh5 19. Rac1 Nc4 20. Rfe1 Bf6
21. g4 Bxg4 22. Nxg4 Rxe2 23. Rxe2 h5 24. Nge5 g5 25. Nxc4 gxf4 26. Rce1 0-1

[Event "2nd Lille Open"]
[Site "Lille FRA"]
[Date "2011.04.25"]
[Round "1.20"]
[White "Sola, F."]
[Black "Navrotescu , Catalin"]
[Result "0-1"]
[WhiteElo "1997"]
[BlackElo "2431"]
[PlyCount "60"]
[EventDate "2011.04.25"]
[EventType "swiss"]
[EventRounds "9"]
[EventCountry "FRA"]
[Source "Mark Crowther"]
[SourceDate "2011.05.02"]

1. c4 e5 2. Nc3 Nc6 3. g3 f5 4. Bg2 Nf6 5. Nd5 Be7 6. d3 O-O 7. Nf3 d6 8. O-O
Nxd5 9. cxd5 Nb8 10. e4 Na6 11. Qc2 Qe8 12. Nd2 f4 13. d4 exd4 14. Nf3 fxg3 15.
hxg3 Bf6 16. Bg5 d3 17. Qd2 Bg4 18. Bxf6 Bxf3 19. Bxf3 Rxf6 20. Qxd3 Nc5 21.
Qe3 a5 22. Bg2 Rh6 23. Rad1 Qh5 24. f4 Re8 25. Rd4 g5 26. Rf2 gxf4 27. gxf4 Kh8
28. Rc4 Rg6 29. f5 Rg7 30. f6 Rf7 0-1

[Event "2nd Lille Open"]
[Site "Lille FRA"]
[Date "2011.04.28"]
[Round "5.14"]
[White "Navrotescu , Catalin"]
[Black "Soyez, Cyril"]
[Result "1-0"]
[WhiteElo "2431"]
[BlackElo "2228"]
[PlyCount "87"]
[EventDate "2011.04.25"]
[EventType "swiss"]
[EventRounds "9"]
[EventCountry "FRA"]
[Source "Mark Crowther"]
[SourceDate "2011.05.02"]

1. d4 c5 2. d5 Nf6 3. c4 b5 4. cxb5 a6 5. b6 d6 6. Nc3 Nbd7 7. e4 g6 8. Nf3 Bg7
9. a4 a5 10. Bb5 Ba6 11. b7 Bxb7 12. O-O O-O 13. Re1 Ne8 14. Bf4 Nc7 15. Qd2
Nxb5 16. axb5 Nb6 17. Bh6 e6 18. h4 Nc4 19. Qc1 Nb6 20. Bxg7 Kxg7 21. Qd2 h6
22. Rad1 e5 23. h5 gxh5 24. g3 f5 25. exf5 Rxf5 26. Nh4 Rf7 27. Qe2 Bc8 28. Ne4
Bg4 29. f3 Bf5 30. Nxc5 Qg5 31. Nxf5+ Qxf5 32. Ne6+ Kh8 33. Kg2 Nxd5 34. Rxd5
Qxe6 35. Red1 Rd8 36. Rxe5 Qxe5 37. Qxe5+ dxe5 38. Rxd8+ Kg7 39. b6 Kg6 40.
Rd6+ Kg7 41. Rc6 Rf8 42. b7 Rb8 43. Rb6 Kf7 44. Kh3 1-0

[Event "2nd Lille Open"]
[Site "Lille FRA"]
[Date "2011.04.29"]
[Round "6.4"]
[White "Korneev, O."]
[Black "Navrotescu , Catalin"]
[Result "1-0"]
[WhiteElo "2573"]
[BlackElo "2431"]
[PlyCount "53"]
[EventDate "2011.04.25"]
[EventType "swiss"]
[EventRounds "9"]
[EventCountry "FRA"]
[Source "Mark Crowther"]
[SourceDate "2011.05.02"]

1. e4 c5 2. Nf3 e6 3. d4 cxd4 4. Nxd4 Nf6 5. Nc3 Nc6 6. Ndb5 Bb4 7. a3 Bxc3+ 8.
Nxc3 d5 9. exd5 exd5 10. Bd3 O-O 11. O-O d4 12. Ne2 Bg4 13. Bg5 Qd6 14. Qd2
Bxe2 15. Bf4 Qd7 16. Bxe2 Rfe8 17. Rfe1 Ne4 18. Qd3 Qf5 19. g3 Qg6 20. Qb5 d3
21. Bxd3 Nd4 22. Rxe4 Nxb5 23. Rxe8+ Rxe8 24. Bxg6 hxg6 25. Rd1 Re2 26. Rd8+
Kh7 27. c4 1-0

[Event "6th Open"]
[Site "Dieppe FRA"]
[Date "2010.08.24"]
[Round "2"]
[White "Navrotescu , Catalin"]
[Black "Saliou, J."]
[Result "1-0"]
[WhiteElo "2439"]
[BlackElo "1996"]
[PlyCount "109"]
[EventDate "2010.08.23"]

1. d4 g6 2. e4 d6 3. Nc3 Bg7 4. Nge2 Nc6 5. d5 Nb8 6. g3 c6 7. Bg2 Nf6 8. O-O
O-O 9. Bg5 h6 10. Bf4 cxd5 11. exd5 Bg4 12. Qd2 Bxe2 13. Nxe2 Kh7 14. Nd4 Ng4
15. h3 Ne5 16. b3 Nbd7 17. Be3 Nf6 18. f4 Ned7 19. c4 Nc5 20. b4 Nfe4 21. Qe1
Nd3 22. Qb1 Nxg3 23. Qxd3 Nxf1 24. Rxf1 a5 25. a3 axb4 26. axb4 Ra2 27. f5 Qa8
28. c5 Ra3 29. Qe4 dxc5 30. bxc5 Qa4 31. Nc2 Qxe4 32. Bxe4 Rxe3 33. Nxe3 Bd4
34. Rf3 Bxc5 35. fxg6+ Kg7 36. Kf2 fxg6 37. Rxf8 Kxf8 38. Bxg6 Kg7 39. Bd3 Kf6
40. Bc4 b5 41. Bb3 Kg5 42. Kf3 h5 43. Ng2 Bd6 44. Ke4 Bb8 45. Bd1 h4 46. Ne1
Kf6 47. Bg4 Ba7 48. Nf3 Bf2 49. Kd3 Bg3 50. Kc3 Bf2 51. Kb4 Bg3 52. Kxb5 Bf2
53. Kc6 Bg3 54. Kd7 Bf2 55. Be6 1-0

[Event "6th Open"]
[Site "Dieppe FRA"]
[Date "2010.08.24"]
[Round "3"]
[White "Caille, V."]
[Black "Navrotescu , Catalin"]
[Result "0-1"]
[WhiteElo "1699"]
[BlackElo "2439"]
[PlyCount "84"]
[EventDate "2010.08.23"]

1. e4 c5 2. Nc3 Nc6 3. g3 g6 4. Bg2 Bg7 5. Nge2 Rb8 6. a3 b5 7. O-O a5 8. f4 b4
9. axb4 axb4 10. Nd5 d6 11. Ne3 Bb7 12. d3 Nf6 13. f5 Ra8 14. Rxa8 Qxa8 15. Nf4
O-O 16. fxg6 hxg6 17. Nfd5 Nxd5 18. Nxd5 Qd8 19. Kh1 e6 20. Ne3 Qe7 21. Ng4 Nd4
22. Qd2 f5 23. exf5 exf5 24. Ne3 Re8 25. Qf2 Qf7 26. c3 bxc3 27. bxc3 Nb5 28.
c4 Nd4 29. Bxb7 Qxb7+ 30. Qg2 Qxg2+ 31. Kxg2 Bh6 32. Ng4 Re2+ 33. Nf2 Bxc1 34.
Rxc1 g5 35. Rb1 Kf7 36. Rb6 Ke6 37. Rb8 Rd2 38. Rg8 g4 39. Rh8 Nf3 40. Kf1 Ra2
41. h3 Ra1+ 42. Ke2 Re1# 0-1

[Event "6th Open"]
[Site "Dieppe FRA"]
[Date "2010.08.25"]
[Round "4"]
[White "Navrotescu , Catalin"]
[Black "Mandon, F."]
[Result "1-0"]
[WhiteElo "2439"]
[BlackElo "2202"]
[PlyCount "55"]
[EventDate "2010.08.23"]

1. d4 Nf6 2. c4 g6 3. Nc3 Bg7 4. e4 d6 5. Nge2 O-O 6. Ng3 a6 7. Be2 c5 8. dxc5
dxc5 9. Qxd8 Rxd8 10. Be3 b6 11. e5 Ng4 12. Nd5 Nxe3 13. fxe3 b5 14. O-O-O Nd7
15. cxb5 axb5 16. Bxb5 Rb8 17. Nxe7+ Kf8 18. Nxc8 Rxb5 19. e6 fxe6 20. Rhf1+
Kg8 21. Ne7+ Kh8 22. Nc6 Bxb2+ 23. Kc2 Rf8 24. Rxd7 Rxf1 25. Nxf1 Bf6 26. Nd2
Rb2+ 27. Kd3 Rxa2 28. Ne4 1-0

[Event "6th Open"]
[Site "Dieppe FRA"]
[Date "2010.08.26"]
[Round "6"]
[White "Navrotescu , Catalin"]
[Black "Shirazi, Kamran"]
[Result "1/2-1/2"]
[WhiteElo "2439"]
[BlackElo "2428"]
[PlyCount "128"]
[EventDate "2010.08.23"]

1. Nf3 f5 2. g3 d6 3. d4 Nf6 4. Bg2 e6 5. O-O Be7 6. c4 Ne4 7. Nbd2 O-O 8. Qc2
Nxd2 9. Bxd2 Qe8 10. c5 dxc5 11. dxc5 Bf6 12. e4 fxe4 13. Ng5 Nc6 14. Bxe4 Bxg5
15. Bxg5 Qh5 16. Be3 e5 17. f3 Be6 18. Rad1 a5 19. a3 Kh8 20. Qc3 a4 21. f4 Bf5
22. Bf3 Bg4 23. Bxg4 Qxg4 24. fxe5 Rxf1+ 25. Rxf1 Re8 26. Bf4 h6 27. h4 Rd8 28.
e6 Nd4 29. e7 Ne2+ 30. Kh2 Re8 31. Qe3 Nxf4 32. Rxf4 Qc8 33. Qf3 Kg8 34. Qd5+
Kh7 35. Re4 c6 36. Qe5 Qd7 37. Re2 Kg8 38. h5 Kf7 39. Qf4+ Kg8 40. Qe4 Kf7 41.
Qg6+ Kg8 42. Qd6 Qf5 43. Kg1 Kh7 44. Qe5 Qxe5 45. Rxe5 Kg8 46. Re4 Kf7 47. Rxa4
Rxe7 48. Rf4+ Ke8 49. Kf2 Re5 50. Rb4 Rxh5 51. Rxb7 Rxc5 52. a4 h5 53. b4 Rc2+
54. Ke3 Ra2 55. a5 c5 56. bxc5 Rxa5 57. c6 Rc5 58. c7 Kd7 59. c8=Q+ Kxc8 60.
Rxg7 Kd8 61. Kf4 Ke8 62. Rg5 Rc4+ 63. Kf5 h4 64. gxh4 Rxh4 1/2-1/2

[Event "6th Open"]
[Site "Dieppe FRA"]
[Date "2010.08.28"]
[Round "8"]
[White "Navrotescu , Catalin"]
[Black "Chomet, P."]
[Result "1/2-1/2"]
[WhiteElo "2439"]
[BlackElo "2327"]
[PlyCount "82"]
[EventDate "2010.08.23"]

1. d4 d6 2. g3 g6 3. Bg2 Bg7 4. Nf3 Nf6 5. O-O O-O 6. c4 Nc6 7. Nc3 a6 8. d5
Na5 9. b3 c5 10. Bb2 Rb8 11. a4 Bg4 12. Nd2 Qd7 13. Qc2 Bh3 14. e4 Bxg2 15.
Kxg2 e5 16. Ne2 Nh5 17. f4 exf4 18. Bxg7 Nxg7 19. gxf4 Rbe8 20. Qc3 b6 21. Ng3
f6 22. Rae1 Nb7 23. Nf3 Qg4 24. Nd2 Nh5 25. Qf3 Qxf3+ 26. Rxf3 Nxg3 27. hxg3
Kg7 28. Rfe3 Kf7 29. Nf3 Kg7 30. e5 fxe5 31. fxe5 dxe5 32. Nxe5 Re7 33. Nd3
Rxe3 34. Rxe3 Na5 35. Nf4 Rf7 36. Re6 Nxb3 37. Rxb6 Nd2 38. Ne6+ Kh6 39. Rc6
Nxc4 40. Rxc5 Ne3+ 41. Kh3 Rd7 1/2-1/2

[Event "6th Open"]
[Site "Dieppe FRA"]
[Date "2010.08.29"]
[Round "9"]
[White "Seret, Jean Luc"]
[Black "Navrotescu , Catalin"]
[Result "1/2-1/2"]
[WhiteElo "2396"]
[BlackElo "2439"]
[PlyCount "46"]
[EventDate "2010.08.23"]

1. Nf3 g6 2. e4 d6 3. d4 Nf6 4. Bd3 Bg7 5. c3 O-O 6. O-O Nbd7 7. Bg5 h6 8. Be3
e5 9. Qc1 Kh7 10. dxe5 dxe5 11. Rd1 Qe7 12. b4 a5 13. a3 b6 14. Nbd2 Ng4 15.
Nc4 Bb7 16. Qc2 Nxe3 17. Nxe3 Nf6 18. Nd2 Rfd8 19. Rab1 axb4 20. axb4 h5 21. f3
Bh6 22. Ndf1 Kg7 23. Bc4 c6 1/2-1/2

[Event "Deauville FRA, Closed GM 2010"]
[Site "Deauville FRA"]
[Date "2010.02.??"]
[Round "7.1"]
[White "Houska, Jovanka"]
[Black "Navrotescu , Catalin"]
[Result "0-1"]
[WhiteElo "2401"]
[BlackElo "2444"]
[PlyCount "64"]
[EventDate "2010.02.06"]
[EventType "tourn"]
[EventRounds "9"]
[EventCountry "FRA"]
[EventCategory "10"]

1. d4 d6 2. Nf3 g6 3. c4 Bg7 4. g3 c5 5. Bg2 Nc6 6. d5 Na5 7. Qc2 a6 8. a4 Nf6
9. Nbd2 b5 10. axb5 axb5 11. O-O O-O 12. Rd1 bxc4 13. e4 Rb8 14. Ra3 Bg4 15. h3
Bxf3 16. Bxf3 Nd7 17. Nxc4 Nxc4 18. Qxc4 Bxb2 19. Bxb2 Rxb2 20. Rda1 Ne5 21.
Qc3 Qb6 22. Bd1 c4 23. Bc2 f5 24. Ra6 Qd4 25. Qxd4 Nf3+ 26. Kh1 Nxd4 27. Bb1
Rfb8 28. Ba2 Rxf2 29. Bxc4 Rbb2 30. R6a3 fxe4 31. Re1 Rh2+ 32. Kg1 Nf3+ 0-1

[Event "Deauville FRA, Closed GM 2010"]
[Site "Deauville FRA"]
[Date "2010.02.11"]
[Round "8.1"]
[White "Navrotescu , Catalin"]
[Black "Pavlovic, Milos M"]
[Result "0-1"]
[WhiteElo "2444"]
[BlackElo "2539"]
[PlyCount "90"]
[EventDate "2010.02.06"]
[EventType "tourn"]
[EventRounds "9"]
[EventCountry "FRA"]
[EventCategory "10"]

1. d4 Nf6 2. c4 g6 3. Nc3 Bg7 4. e4 d6 5. Nf3 O-O 6. Be2 e5 7. Be3 c6 8. d5 Ng4
9. Bg5 f6 10. Bh4 c5 11. Nd2 h5 12. h3 Nh6 13. Rb1 Na6 14. a3 Bd7 15. b4 b6 16.
O-O Nf7 17. bxc5 Nxc5 18. Nb3 Rc8 19. Nxc5 Rxc5 20. Nb5 a6 21. Na7 Qc7 22. Nc6
Bxc6 23. dxc6 Qxc6 24. f3 Ng5 25. Qb3 Rb8 26. Rfd1 Ne6 27. Bf2 Kh7 28. Rd5 Nf4
29. Bxc5 dxc5 30. Rd2 f5 31. Qc2 Qf6 32. Rd7 Qg5 33. Bd3 fxe4 34. Bxe4 Nxh3+
35. Kf1 Nf4 36. Rbd1 b5 37. Ra7 bxc4 38. Rxa6 c3 39. Bxg6+ Nxg6 40. Rdd6 e4 41.
Rxg6 Qe3 42. Rab6 Rxb6 43. Rxb6 Qd3+ 44. Qxd3 exd3 45. Ke1 Be5 0-1

[Event "Deauville FRA, Closed GM 2010"]
[Site "Deauville FRA"]
[Date "2010.02.12"]
[Round "9.1"]
[White "Kulaots, Kaido"]
[Black "Navrotescu , Catalin"]
[Result "1-0"]
[WhiteElo "2584"]
[BlackElo "2444"]
[PlyCount "41"]
[EventDate "2010.02.06"]
[EventType "tourn"]
[EventRounds "9"]
[EventCountry "FRA"]
[EventCategory "10"]

1. e4 c5 2. Nf3 e6 3. d4 cxd4 4. Nxd4 Nc6 5. Nc3 Qc7 6. f4 a6 7. Nxc6 Qxc6 8.
Bd3 b5 9. a3 Bb7 10. O-O Nf6 11. Qe2 d5 12. exd5 Nxd5 13. Ne4 Be7 14. Bd2 O-O
15. Rae1 f5 16. Ng5 Bxg5 17. fxg5 Rae8 18. Rf2 e5 19. Rxf5 Rxf5 20. Bxf5 e4 21.
Bxe4 1-0

[Event "Nationale II 2009/10 rounds 1-6"]
[Site "FRA"]
[Date "2009.10.04"]
[Round "1.1"]
[White "Coursaget, Nicolas"]
[Black "Navrotescu , Catalin"]
[Result "1/2-1/2"]
[WhiteElo "2311"]
[BlackElo "2443"]
[PlyCount "77"]
[EventDate "2009.12.12"]
[EventType "team"]
[EventRounds "11"]
[EventCountry "FRA"]

1. d4 d6 2. c4 e5 3. Nf3 e4 4. Ng5 f5 5. Nc3 Be7 6. Nh3 Nf6 7. f3 exf3 8. exf3
O-O 9. Be3 c6 10. Bd3 Na6 11. a3 Nc7 12. Qc2 b5 13. Nf4 Rb8 14. O-O g5 15. Nfe2
f4 16. Bf2 d5 17. cxd5 cxd5 18. Rfe1 Bd6 19. h3 Qd7 20. a4 b4 21. Nb5 Na6 22.
Nxd6 Qxd6 23. Nc1 Bd7 24. Nb3 Rfe8 25. Qc5 Nxc5 26. Nxc5 a5 27. Re5 h6 28. Rae1
Kf7 29. h4 Bc6 30. hxg5 hxg5 31. Rxg5 Rxe1+ 32. Bxe1 Nd7 33. Rf5+ Kg7 34. Rg5+
Kf7 35. Nxd7 Bxd7 36. b3 Rh8 37. Bd2 Rh4 38. Be1 Rh6 39. g3 {suite illisible}
1/2-1/2

[Event "Nationale II 2009/10 rounds 1-6"]
[Site "FRA"]
[Date "2009.10.17"]
[Round "2.2"]
[White "Navrotescu , Catalin"]
[Black "Monroy, Charles"]
[Result "0-1"]
[WhiteElo "2443"]
[BlackElo "2422"]
[PlyCount "86"]
[EventDate "2009.12.12"]
[EventType "team"]
[EventRounds "11"]
[EventCountry "FRA"]

1. d4 Nf6 2. c4 e6 3. Nf3 b6 4. g3 c6 5. Bg2 Be7 6. O-O O-O 7. Qc2 d5 8. Nbd2
Bb7 9. e4 Na6 10. Rd1 Rc8 11. e5 Nd7 12. a3 c5 13. dxc5 Qc7 14. b4 Nxe5 15.
Nxe5 Qxe5 16. Bb2 Qc7 17. cxd5 exd5 18. Qf5 bxc5 19. Bxd5 Bxd5 20. Qxd5 cxb4
21. axb4 Rfd8 22. Qf5 Qc2 23. Qxc2 Rxc2 24. Rxa6 Rxb2 25. Re1 Bxb4 26. Nc4 Rc2
27. Ne3 Rc7 28. Rea1 Rdd7 29. Rb1 Rb7 30. Nc4 Bf8 31. Rxb7 Rxb7 32. Nd6 Rb6 33.
Rxb6 axb6 34. Nb5 f5 35. Kf1 Kf7 36. Ke2 Bc5 37. f4 Ke6 38. h3 h5 39. Kf3 Kd5
40. g4 hxg4+ 41. hxg4 fxg4+ 42. Kxg4 Kc4 43. Nc7 b5 0-1

[Event "Nationale II 2009/10 rounds 1-6"]
[Site "FRA"]
[Date "2009.10.18"]
[Round "3.1"]
[White "Navrotescu , Catalin"]
[Black "Delaunay, Sebastien"]
[Result "1/2-1/2"]
[WhiteElo "2443"]
[BlackElo "2340"]
[PlyCount "80"]
[EventDate "2009.12.12"]
[EventType "team"]
[EventRounds "11"]
[EventCountry "FRA"]

1. d4 f5 2. g3 Nf6 3. Bg2 d6 4. Nf3 g6 5. O-O Bg7 6. c4 O-O 7. Nc3 Qe8 8. d5
Na6 9. Rb1 c6 10. b4 Bd7 11. a3 Nc7 12. Bb2 cxd5 13. cxd5 h6 14. Qd3 g5 15. Nd4
Ng4 16. f4 gxf4 17. gxf4 Qh5 18. h3 Nf6 19. Qf3 Kh8 20. e3 Rg8 21. Qxh5 Nxh5
22. Rfd1 Bf6 23. Kh2 Rg6 24. Bf3 Rag8 25. Nde2 Ng3 26. Rg1 Nxe2 27. Rxg6 Rxg6
28. Nxe2 Bxb2 29. Rxb2 Rg8 30. Nd4 Rc8 31. Rc2 Ne8 32. Rxc8 Bxc8 33. Kg3 Nc7
34. Kf2 Bd7 35. Ke2 Kg7 36. Kd3 Kf6 37. Kc4 a6 38. Kb3 Be8 39. a4 b5 40. axb5
Nxb5 1/2-1/2

[Event "14th Open"]
[Site "Creon FRA"]
[Date "2009.07.27"]
[Round "1"]
[White "Navrotescu , Catalin"]
[Black "Mace, E."]
[Result "1-0"]
[WhiteElo "2437"]
[BlackElo "1935"]
[PlyCount "65"]
[EventDate "2009.07.27"]

1. d4 d5 2. c4 c6 3. Nf3 Nf6 4. Nc3 a6 5. g3 Bg4 6. Ne5 Bf5 7. Bg2 e6 8. O-O
Be7 9. h3 h6 10. g4 Bh7 11. f4 O-O 12. f5 exf5 13. gxf5 dxc4 14. Nxc4 b5 15.
Ne5 Qb6 16. Kh1 Ra7 17. e4 Rd8 18. Be3 Bf8 19. Ng4 Nxg4 20. Qxg4 Kh8 21. e5 Nd7
22. Rae1 c5 23. Nd5 Qa5 24. e6 Nf6 25. Nxf6 gxf6 26. Qh4 Bg7 27. Bxh6 Re7 28.
Bxg7+ Kxg7 29. Rg1 Bxf5 30. Be4+ Bg6 31. Bxg6 fxg6 32. Rxg6+ Kxg6 33. Rg1+ 1-0

[Event "14th Open"]
[Site "Creon FRA"]
[Date "2009.07.28"]
[Round "2"]
[White "Larcheveque, F."]
[Black "Navrotescu , Catalin"]
[Result "0-1"]
[WhiteElo "2049"]
[BlackElo "2437"]
[PlyCount "52"]
[EventDate "2009.07.27"]

1. d4 Nf6 2. c4 c5 3. d5 b5 4. cxb5 a6 5. f3 e6 6. e4 c4 7. Bxc4 axb5 8. Bxb5
Bc5 9. Ne2 exd5 10. exd5 O-O 11. Kf1 Qb6 12. Nbc3 Na6 13. g4 Bb7 14. Bc4 Nc7
15. g5 Nfe8 16. Ng3 Nd6 17. Bd3 f5 18. b3 Nxd5 19. Nxd5 Bxd5 20. Bf4 Bd4 21.
Bxd6 Qxd6 22. Nxf5 Rxf5 23. Bxf5 Bxa1 24. Qxa1 Bxf3 25. Rg1 Rf8 26. Qb1 Qe5 0-1

[Event "14th Open"]
[Site "Creon FRA"]
[Date "2009.07.31"]
[Round "7"]
[White "Navrotescu , Catalin"]
[Black "Ippolito, M."]
[Result "1-0"]
[WhiteElo "2437"]
[BlackElo "2287"]
[PlyCount "63"]
[EventDate "2009.07.27"]

1. d4 Nf6 2. c4 g6 3. Nc3 Bg7 4. e4 d6 5. Nge2 O-O 6. Ng3 e5 7. d5 a5 8. h4 Na6
9. h5 c6 10. Be2 cxd5 11. cxd5 Nc5 12. Bg5 a4 13. h6 Bh8 14. O-O Qb6 15. Qd2
Ng4 16. Kh1 a3 17. b3 Qb4 18. Nb5 Qxd2 19. Bxd2 Rd8 20. f3 Nf6 21. Bb4 b6 22.
Nxa3 Ne8 23. Bb5 Nc7 24. Bc6 Rb8 25. Nb5 Nxb5 26. Bxb5 f5 27. Bd2 Bf6 28. b4
Bh4 29. Ne2 Nd7 30. g3 Be7 31. Kg2 Nf6 32. Nc3 1-0

[Event "14th Open"]
[Site "Creon FRA"]
[Date "2009.08.02"]
[Round "9"]
[White "Navrotescu , Catalin"]
[Black "Malaniuk, Vladimir P"]
[Result "1/2-1/2"]
[WhiteElo "2437"]
[BlackElo "2563"]
[PlyCount "40"]
[EventDate "2009.07.27"]

1. d4 f5 2. Nf3 Nf6 3. g3 g6 4. Bg2 Bg7 5. O-O O-O 6. b3 d6 7. Bb2 Qe8 8. c4
Na6 9. Qc2 Rb8 10. Nbd2 b5 11. cxb5 Qxb5 12. Qc4+ Qxc4 13. Nxc4 Ne4 14. Rfd1 c5
15. dxc5 Bxb2 16. Nxb2 Naxc5 17. Nd4 Bd7 18. Rac1 a5 19. Nd3 Rfc8 20. Nxc5 Nxc5
1/2-1/2